[Event "ICS rated standard match"]
[Site "204.178.125.65"]
[Date "2000.07.05"]
[Round "?"]
[White "PostModernist"]
[Black "Hossa"]
[Result "1-0"]
[WhiteElo "2348"]
[BlackElo "2286"]
[PlyCount "71"]
[EventDate "2000.??.??"]

1. d4 Nf6 2. c4 e6 3. Nf3 b6 4. g3 Bb7 5. Bg2 c5 6. d5 exd5 7. Ng5 Ne4 8. Nxe4
dxe4 9. Nc3 f5 10. g4 Qh4 11. gxf5 e3 12. O-O Bxg2 13. Kxg2 Qxc4 14. fxe3 Be7
15. Rf4 Qa6 16. Rg4 Bf6 17. Nd5 Qb7 18. Re4+ Kf7 19. Qd3 Na6 20. Kg1 Rhf8 21.
Rg4 Be5 22. e4 b5 23. Qh3 Kg8 24. Bg5 Rae8 25. f6 Rf7 26. Ne7+ Rfxe7 27. fxe7
h6 28. Rf1 hxg5 29. Rf8+ Rxf8 30. Qh8+ Kxh8 31. exf8=Q+ Kh7 32. Qf5+ Kh6 33.
Qxg5+ Kh7 34. Qh5+ Kg8 35. Qe8+ Kh7 36. Rh4# {Hossa checkmated} 1-0

[Event "ICS rated blitz match"]
[Site "204.178.125.65"]
[Date "2000.07.05"]
[Round "?"]
[White "QueenMaxima"]
[Black "Hossa"]
[Result "0-1"]
[WhiteElo "2582"]
[BlackElo "2502"]
[PlyCount "96"]
[EventDate "2000.??.??"]

1. e4 c5 2. Nf3 b6 3. d4 cxd4 4. Qxd4 Nc6 5. Qa4 e5 6. Bc4 Bb7 7. O-O Be7 8.
Nc3 Nf6 9. Re1 O-O 10. Nd5 Bc5 11. Bg5 a6 12. Rad1 Na5 13. Nxe5 Bxd5 14. exd5
b5 15. Bxb5 axb5 16. Qxb5 d6 17. Nd3 h6 18. Bh4 g5 19. Bg3 Rb8 20. Qa4 Bb6 21.
c4 Ra8 22. Qb4 Nb7 23. Nc1 Nc5 24. Qb5 Bc7 25. Nb3 Nfe4 26. Qc6 Ra6 27. Qxa6
Nxa6 28. Rxe4 f5 29. Re6 f4 30. Bxf4 Rxf4 31. Rde1 Kf7 32. Rxh6 Bb6 33. Ree6
Bxf2+ 34. Kh1 Bb6 35. h3 Bc7 36. Rh7+ Kg8 37. Reh6 Rf1+ 38. Kh2 Rf8 39. Nd4 Bb6
40. Nc6 Bg1+ 41. Kg3 Bf2+ 42. Kg4 Qc8+ 43. Re6 Kxh7 44. Kh5 Rh8 45. b3 Qf8 46.
Nb8 Kg7+ 47. Kxg5 Rh5+ 48. Kxh5 Qf5# 0-1

[Event "ICS Rated standard match"]
[Site "204.178.125.65"]
[Date "2000.07.05"]
[Round "?"]
[White "Hossa"]
[Black "caralva"]
[Result "1-0"]
[WhiteElo "2273"]
[BlackElo "2015"]
[PlyCount "51"]
[EventDate "2000.??.??"]

1. d4 Nf6 2. c4 e6 3. Nf3 c5 4. g3 cxd4 5. Nxd4 Nc6 6. Nc3 Bc5 7. Nb3 Bb4 8.
Bg2 O-O 9. O-O Na5 10. Nxa5 Bxa5 11. Qd3 Bc7 12. Nb5 Bb8 13. Nd6 Qb6 14. c5
Qxc5 15. Nxb7 Qh5 16. Nd6 Ng4 17. h3 Ne5 18. Qd2 Bxd6 19. Bxa8 Nc4 20. Qd3 Ba6
21. Bg2 Bb8 22. b3 Qe5 23. Bf4 Qc5 24. Bxb8 d5 25. Bf4 e5 26. Bxe5 {
caralva resigns} 1-0

[Event "ICS Rated blitz match"]
[Site "204.178.125.65"]
[Date "2000.07.05"]
[Round "?"]
[White "tico28"]
[Black "Hossa"]
[Result "0-1"]
[WhiteElo "1858"]
[BlackElo "2522"]
[PlyCount "54"]
[EventDate "2000.??.??"]

1. e4 c5 2. Nf3 b6 3. c3 Bb7 4. Qc2 Nf6 5. d3 d5 6. Nbd2 e6 7. g3 Be7 8. Bg2
Nc6 9. O-O O-O 10. Re1 Qc7 11. Nf1 dxe4 12. dxe4 Ba6 13. h3 Rfd8 14. Bf4 e5 15.
Bg5 Bd3 16. Qa4 b5 17. Qa6 Nb8 18. Bxf6 Nxa6 19. Bxe5 Qb7 20. N3h2 Bg5 21. f4
Be7 22. f5 Nb8 23. Bf4 g5 24. fxg6 hxg6 25. e5 Nc6 26. Ng4 g5 27. Be3 Qc7 {
tico28 resigns} 0-1

[Event "ICS rated standard match"]
[Site "204.178.125.65"]
[Date "2000.07.05"]
[Round "?"]
[White "Irs149"]
[Black "Hossa"]
[Result "1-0"]
[WhiteElo "2104"]
[BlackElo "2276"]
[PlyCount "129"]
[EventDate "2000.??.??"]

1. e4 e5 2. Nf3 Nc6 3. Bb5 a6 4. Bxc6 dxc6 5. O-O Bd6 6. d4 Bg4 7. dxe5 Bxf3 8.
Qxf3 Bxe5 9. Qb3 b5 10. Be3 Nf6 11. f3 Qd6 12. f4 Bd4 13. e5 Qc5 14. Bxd4 Qxd4+
15. Kh1 Nd5 16. Nc3 Nxc3 17. bxc3 Qc5 18. Qb4 Qxb4 19. cxb4 Ke7 20. f5 Rhd8 21.
f6+ gxf6 22. exf6+ Kf8 23. Rfd1 Rd5 24. g4 Re8 25. Rxd5 cxd5 26. a4 bxa4 27.
Rxa4 Re1+ 28. Kg2 Re2+ 29. Kf3 Rxc2 30. b5 a5 31. Rxa5 Ke8 32. Ra1 Rc5 33. Re1+
Kf8 34. Re7 Rxb5 35. Rxc7 Ke8 36. g5 d4 37. h4 Rb3+ 38. Ke4 d3 39. Re7+ Kf8 40.
Rd7 Rb4+ 41. Kxd3 Rb8 42. h5 Kg8 43. Rc7 Kf8 44. h6 Kg8 45. Kc4 Ra8 46. Kb5 Rf8
47. Kc6 Re8 48. Kd7 Kf8 49. Rc8 Rxc8 50. Kxc8 Ke8 51. Kc7 Kf8 52. Kd7 Kg8 53.
Ke7 Kh8 54. g6 hxg6 55. Kxf7 Kh7 56. Ke7 Kxh6 57. f7 Kh5 58. f8=Q Kg4 59. Qf2
Kh3 60. Qg1 Kh4 61. Qg2 Kh5 62. Qg3 Kh6 63. Kf6 Kh7 64. Qxg6+ Kh8 65. Qg7# {
Hossa checkmated} 1-0

[Event "ICS rated blitz match"]
[Site "204.178.125.65"]
[Date "2000.07.05"]
[Round "?"]
[White "Hossa"]
[Black "AjedrezHoy"]
[Result "1/2-1/2"]
[WhiteElo "2523"]
[BlackElo "2367"]
[PlyCount "187"]
[EventDate "2000.??.??"]

1. d4 Nf6 2. c4 g6 3. Nc3 Bg7 4. e4 d6 5. Be2 O-O 6. Bg5 c5 7. d5 Na6 8. Nf3
Nc7 9. O-O Rb8 10. Qd2 a6 11. Bh6 b5 12. Bxg7 Kxg7 13. Bd3 bxc4 14. Bxc4 Nb5
15. Rac1 Bd7 16. Be2 Qa5 17. Bxb5 axb5 18. e5 Ne8 19. a3 b4 20. Ne4 Qb6 21. Qf4
Bf5 22. Ng3 Bd7 23. Qh4 f6 24. e6 Bc8 25. a4 Nc7 26. Rfd1 Bb7 27. Qc4 Qa7 28.
Ra1 Qa8 29. Qg4 Kh8 30. Ne2 Bxd5 31. Nf4 Be4 32. Nh4 Rg8 33. Re1 Bc2 34. Nf3 b3
35. a5 Rb4 36. Qg3 Nd5 37. Nxd5 Qxd5 38. a6 Ra8 39. Qh3 Qf5 40. Qxf5 Bxf5 41.
Re3 Rb6 42. a7 Rb7 43. h3 Bc2 44. Nd2 d5 45. Rc3 c4 46. Ra5 Rbxa7 47. Rxd5 Ra1+
48. Kh2 Bd3 49. Nxc4 Bxc4 50. Rxc4 Rb1 51. Rd2 Ra6 52. Rc3 Rxe6 53. Rxb3 Kg7
54. Kg3 Kf7 55. Rc2 h5 56. Kf3 Ra1 57. Rc4 Ra2 58. h4 Rd6 59. Ke2 Ra5 60. Re3
Ra7 61. b4 Rb7 62. Rb3 Rb5 63. Ke3 Re5+ 64. Kf4 Rb5 65. Ke4 Re5+ 66. Kf3 Rf5+
67. Kg3 Rb5 68. Rc5 Rdb6 69. Rxb5 Rxb5 70. Kf3 e5 71. g4 Ke6 72. gxh5 gxh5 73.
Rb1 f5 74. Ke3 Kd5 75. Kd3 e4+ 76. Ke3 Ke5 77. Kd2 f4 78. Kc3 Kd5 79. Rd1+ Ke5
80. Kc4 Rb8 81. Rd5+ Ke6 82. Rxh5 Kf6 83. Ra5 e3 84. fxe3 fxe3 85. Ra2 Ke5 86.
b5 Ke4 87. Rc2 Kf3 88. Rh2 e2 89. Rxe2 Kxe2 90. Kc5 Kf3 91. b6 Kg4 92. Kc6 Kxh4
93. b7 Rxb7 94. Kxb7 1/2-1/2

[Event "ICS rated standard match"]
[Site "204.178.125.65"]
[Date "2000.07.05"]
[Round "?"]
[White "Stefanus"]
[Black "Hossa"]
[Result "1-0"]
[WhiteElo "2518"]
[BlackElo "2254"]
[PlyCount "139"]
[EventDate "2000.??.??"]

1. Nf3 Nf6 2. d4 e6 3. c4 b6 4. Nc3 d5 5. Bf4 dxc4 6. Qa4+ Bd7 7. Qxc4 Bd6 8.
Bxd6 cxd6 9. e4 Nc6 10. e5 d5 11. Qd3 Ng4 12. Be2 O-O 13. O-O f6 14. Ne1 Nh6
15. f4 Be8 16. Nf3 a6 17. Rac1 Qd7 18. Qd2 Bh5 19. exf6 Bxf3 20. Bxf3 Rxf6 21.
g4 Raf8 22. Ne2 Nf7 23. Qd3 Nd6 24. Qxa6 Nc4 25. Qb5 Rc8 26. Rfe1 Qd6 27. b3
Na7 28. Qa6 Qa3 29. Qxa3 Nxa3 30. Rxc8+ Nxc8 31. g5 Rf7 32. Bg4 Re7 33. Kf2 g6
34. Ng1 Kf7 35. Rc1 Na7 36. Nf3 N3b5 37. Ne5+ Kg7 38. Ke3 Rc7 39. Rxc7+ Nxc7
40. a4 Nc8 41. Kd3 h6 42. b4 hxg5 43. fxg5 Nd6 44. a5 bxa5 45. bxa5 Ne4 46. h4
Ng3 47. Ke3 Nf5+ 48. Bxf5 exf5 49. Nd3 Kf7 50. Kf4 Kf8 51. Ke5 Ke7 52. Nf4 Kf7
53. Kd6 Nb5+ 54. Kxd5 Na7 55. a6 Kg7 56. Ke5 Nc6+ 57. Kd6 Na7 58. d5 Kf7 59.
Kc5 Ke8 60. Nxg6 Nc8 61. d6 Kd7 62. Ne5+ Ke6 63. d7 Nd6 64. d8=Q Kxe5 65. Qxd6+
Ke4 66. a7 Kf3 67. a8=Q+ Kf2 68. Qf4+ Ke2 69. Qg2+ Kd3 70. Qgd2# {
Hossa checkmated} 1-0

[Event "ICS rated standard match"]
[Site "204.178.125.65"]
[Date "2000.07.05"]
[Round "?"]
[White "Hossa"]
[Black "Rapone"]
[Result "1-0"]
[WhiteElo "2253"]
[BlackElo "1986"]
[PlyCount "34"]
[EventDate "2000.??.??"]

1. e4 e5 2. Nf3 Nf6 3. Nc3 Nc6 4. d4 exd4 5. Nxd4 Nxd4 6. Qxd4 Be7 7. e5 Ng8 8.
Bc4 d6 9. O-O Be6 10. Bxe6 fxe6 11. Qg4 Bg5 12. Bxg5 Ne7 13. Qxe6 Qd7 14. Qb3
O-O-O 15. Qf7 h6 16. e6 Qe8 17. Bxe7 Qxf7 {Rapone resigns} 1-0

[Event "ICS rated blitz match"]
[Site "204.178.125.65"]
[Date "2000.07.05"]
[Round "?"]
[White "Hossa"]
[Black "raw-pawn"]
[Result "1-0"]
[WhiteElo "2516"]
[BlackElo "1889"]
[PlyCount "71"]
[EventDate "2000.??.??"]

1. e4 c5 2. Nf3 d6 3. c3 Nf6 4. Qc2 g6 5. d4 cxd4 6. cxd4 Bg7 7. Bb5+ Nbd7 8.
O-O O-O 9. Nc3 a6 10. Be2 b5 11. Ng5 Bb7 12. f3 Rc8 13. Be3 b4 14. Qb3 bxc3 15.
Qxb7 cxb2 16. Qxb2 Rb8 17. Qd2 h6 18. Nh3 Nb6 19. Bxa6 Nfd7 20. Bxh6 Qc7 21.
Bxg7 Kxg7 22. Rfc1 Qa7 23. Bb5 Rfc8 24. Rxc8 Rxc8 25. Nf2 Nc4 26. Qd3 Ndb6 27.
f4 Na4 28. f5 Nab2 29. Qh3 Qb6 30. f6+ exf6 31. Qxc8 Qxb5 32. d5 Ne5 33. Rb1
Ned3 34. Qc2 Qb4 35. Nxd3 Qd4+ 36. Nf2 {raw-pawn resigns} 1-0

[Event "ICS rated blitz match"]
[Site "204.178.125.65"]
[Date "2000.07.05"]
[Round "?"]
[White "raw-pawn"]
[Black "Hossa"]
[Result "0-1"]
[WhiteElo "1888"]
[BlackElo "2517"]
[PlyCount "22"]
[EventDate "2000.??.??"]

1. e4 c5 2. Nf3 b6 3. d4 cxd4 4. Nxd4 Bb7 5. Bc4 Bxe4 6. Bxf7+ Kxf7 7. Qh5+ g6
8. Qe5 Nf6 9. Bg5 Bxg2 10. Rg1 Nc6 11. Nxc6 Bxc6 {raw-pawn resigns} 0-1

[Event "ICS rated standard match"]
[Site "204.178.125.65"]
[Date "2000.07.05"]
[Round "?"]
[White "nextgrandmaster"]
[Black "Hossa"]
[Result "0-1"]
[WhiteElo "1869"]
[BlackElo "2259"]
[PlyCount "104"]
[EventDate "2000.??.??"]

1. e4 c5 2. Nf3 b6 3. d4 cxd4 4. Nxd4 Bb7 5. Nc3 Nc6 6. Bc4 e6 7. O-O Nf6 8.
Bf4 Nxd4 9. Qxd4 Bc5 10. Qd3 O-O 11. Rad1 a6 12. a4 Bb4 13. e5 Qc7 14. Rfe1
Rfc8 15. Bb3 Bxc3 16. bxc3 Nd5 17. Bxd5 Bxd5 18. Re3 Qc4 19. Qd4 b5 20. axb5
axb5 21. Rg3 Qxd4 22. cxd4 Rxc2 23. Rb1 Kf8 24. h3 Bc4 25. Bc1 b4 26. Bb2 Ba2
27. Rc1 Rxb2 28. Rc7 Rb1+ 29. Kh2 Rd8 30. Rd3 Ke7 31. d5 exd5 32. Rxd5 Bxd5 33.
Rc5 Ke6 34. Rb5 Kxe5 35. Rb6 Kd4 36. Rb5 b3 37. Rb6 b2 38. Rb5 Bc4 39. Rb4 Kc3
40. Rb7 Bb3 41. Kg3 Rc8 42. h4 Rd1 43. Kh3 Kc2 44. g3 Rd4 45. Rb6 d6 46. Rb5
Ra4 47. Rb7 h6 48. Rxf7 Bxf7 49. g4 Rc3+ 50. Kg2 Rxg4+ 51. Kh2 Rf3 52. Kh1 Rh3#
0-1

[Event "ICS rated standard match"]
[Site "204.178.125.65"]
[Date "2000.07.05"]
[Round "?"]
[White "Hossa"]
[Black "nextgrandmaster"]
[Result "1-0"]
[WhiteElo "2262"]
[BlackElo "1866"]
[PlyCount "46"]
[EventDate "2000.??.??"]

1. e4 e5 2. Nf3 Nc6 3. Bb5 a6 4. Ba4 Nf6 5. O-O Be7 6. Re1 b5 7. Bb3 d6 8. c3
O-O 9. h3 Bb7 10. d4 Re8 11. Nbd2 Bf8 12. a4 g6 13. d5 Nb8 14. Qe2 Qd7 15. Nf1
c6 16. Rd1 cxd5 17. exd5 Nh5 18. Re1 Bg7 19. Ng5 Qe7 20. axb5 Nd7 21. bxa6 Nc5
22. Bc4 Bh6 23. Ne4 Nf4 1-0

[Event "ICS rated standard match"]
[Site "204.178.125.65"]
[Date "2000.07.05"]
[Round "?"]
[White "nextgrandmaster"]
[Black "Hossa"]
[Result "0-1"]
[WhiteElo "1863"]
[BlackElo "2265"]
[PlyCount "54"]
[EventDate "2000.??.??"]

1. e4 c5 2. Nf3 b6 3. d4 cxd4 4. Nxd4 Bb7 5. Nc3 Nc6 6. Bc4 e6 7. O-O Nf6 8.
Nxc6 dxc6 9. Qe2 Qc7 10. Be3 Bb4 11. Bd3 Bxc3 12. bxc3 O-O 13. f4 c5 14. e5 Ne4
15. Rf3 Nxc3 16. Bxh7+ Kxh7 17. Rh3+ Kg8 18. Qh5 f5 19. exf6 Rxf6 20. Qh8+ Kf7
21. Qh5+ Ke7 22. f5 Qe5 23. Re1 Rxf5 24. Qh4+ Kf7 25. Bd2 Ne2+ 26. Rxe2 Qxe2
27. Rg3 Rf1# 0-1

[Event "ICS rated standard match"]
[Site "204.178.125.65"]
[Date "2000.07.05"]
[Round "?"]
[White "Hossa"]
[Black "nextgrandmaster"]
[Result "1-0"]
[WhiteElo "2268"]
[BlackElo "1860"]
[PlyCount "51"]
[EventDate "2000.??.??"]

1. e4 e5 2. Nf3 Nf6 3. Nc3 Nc6 4. d4 exd4 5. Nxd4 Bb4 6. Nxc6 Bxc3+ 7. bxc3
bxc6 8. Bd3 d5 9. Ba3 dxe4 10. Qe2 Qd5 11. O-O c5 12. f3 O-O 13. Bxe4 Nxe4 14.
fxe4 Qe5 15. Qf2 Be6 16. Bxc5 Rfd8 17. Qe3 a6 18. Bd4 Qd6 19. Qg5 Qf8 20. Rf3
h6 21. Qe5 c5 22. Bxc5 Qe8 23. Rg3 f6 24. Qxf6 Qf7 25. Qxh6 Bc4 26. Bd4 1-0

[Event "ICS rated bullet match"]
[Site "204.178.125.65"]
[Date "2000.07.05"]
[Round "?"]
[White "Hossa"]
[Black "ambo"]
[Result "1-0"]
[WhiteElo "2592"]
[BlackElo "872"]
[PlyCount "23"]
[EventDate "2000.??.??"]

1. e4 d6 2. d4 c5 3. dxc5 dxc5 4. Qxd8+ Kxd8 5. Nc3 b6 6. Bf4 a5 7. O-O-O+ Ke8
8. Bxb8 Rxb8 9. Bb5+ Bd7 10. Rxd7 Rd8 11. Rc7+ Rd7 12. Rc8# {ambo checkmated}
1-0

[Event "ICS rated blitz match"]
[Site "204.178.125.65"]
[Date "2000.07.05"]
[Round "?"]
[White "Hossa"]
[Black "raw-pawn"]
[Result "1-0"]
[WhiteElo "2518"]
[BlackElo "1887"]
[PlyCount "81"]
[EventDate "2000.??.??"]

1. e4 c5 2. Nf3 d6 3. c3 Nf6 4. Qc2 g6 5. d4 cxd4 6. cxd4 Bg7 7. Bb5+ Nbd7 8.
O-O O-O 9. Nc3 a6 10. Be2 b5 11. Ng5 Bb7 12. f3 Rc8 13. Be3 b4 14. Qb3 a5 15.
Bd3 e5 16. Nb5 exd4 17. Bxd4 Nc5 18. Qd1 Ba6 19. Be2 Qb6 20. a4 bxa3 21. Nxa3
Qb3 22. Qxb3 Nxb3 23. Bxa6 Ra8 24. Be3 Rxa6 25. Rad1 Nd7 26. Nc4 Ne5 27. Nxd6
h6 28. Nh3 Rd8 29. Nb5 Nd3 30. Nf2 Rb8 31. Rxd3 Rxb5 32. Rb1 a4 33. Rd8+ Kh7
34. Rd7 Bxb2 35. Rxb2 a3 36. Ra2 Nc5 37. Bxc5 Rxc5 38. Nd3 Rb5 39. Rxf7+ Kg8
40. Rc7 Rd5 41. exd5 {raw-pawn resigns} 1-0

[Event "ICS rated blitz match"]
[Site "204.178.125.65"]
[Date "2000.07.05"]
[Round "?"]
[White "raw-pawn"]
[Black "Hossa"]
[Result "1/2-1/2"]
[WhiteElo "1886"]
[BlackElo "2519"]
[PlyCount "102"]
[EventDate "2000.??.??"]

1. e4 c5 2. Nf3 b6 3. d4 cxd4 4. Nxd4 Bb7 5. Nc3 Nc6 6. Bc4 Nf6 7. Nxc6 dxc6 8.
O-O b5 9. Nxb5 cxb5 10. Bxb5+ Nd7 11. Qg4 h5 12. Qh3 a6 13. Ba4 Bxe4 14. Rd1
Ra7 15. Be3 Rb7 16. Rxd7 Rxd7 17. Rd1 e6 18. Rxd7 Qxd7 19. Bxd7+ Kxd7 20. Qg3
Bxc2 21. Bb6 Bd6 22. Qxg7 Rf8 23. Qd4 Rc8 24. b4 Rc6 25. Bc5 e5 26. Qd2 Bg6 27.
h3 Ke6 28. Bxd6 Rxd6 29. Qc3 f6 30. a4 Kd7 31. b5 axb5 32. axb5 Be4 33. Qe3 Bd5
34. Qa7+ Ke8 35. b6 Rd7 36. Qb8+ Ke7 37. Qh8 Rb7 38. Qxh5 Rxb6 39. h4 Rb4 40.
g4 Rb1+ 41. Kh2 Rh1+ 42. Kg3 Rg1+ 43. Kh3 Rh1+ 44. Kg3 Rg1+ 45. Kh3 Rh1+ 46.
Kg3 Rg1+ 47. Kh2 Rh1+ 48. Kg3 Rg1+ 49. Kh2 Rh1+ 50. Kg3 Rg1+ 51. Kh2 Rh1+
1/2-1/2

[Event "ICS rated blitz match"]
[Site "204.178.125.65"]
[Date "2000.07.05"]
[Round "?"]
[White "Hossa"]
[Black "raw-pawn"]
[Result "1-0"]
[WhiteElo "2504"]
[BlackElo "1922"]
[PlyCount "23"]
[EventDate "2000.??.??"]

1. d4 Nf6 2. c4 g6 3. Nc3 Bg7 4. e4 d6 5. Nf3 O-O 6. Be2 e5 7. Be3 Nc6 8. dxe5
dxe5 9. O-O Ng4 10. Bc5 Re8 11. Nb5 Nd4 12. Nfxd4 {raw-pawn resigns} 1-0

[Event "ICS rated blitz match"]
[Site "204.178.125.65"]
[Date "2000.07.05"]
[Round "?"]
[White "Tinker"]
[Black "Hossa"]
[Result "0-1"]
[WhiteElo "2547"]
[BlackElo "2505"]
[PlyCount "114"]
[EventDate "2000.??.??"]

1. e4 c5 2. Nf3 b6 3. Nc3 Bb7 4. Bc4 Nf6 5. O-O e6 6. Qe2 Nc6 7. e5 d5 8. exf6
dxc4 9. fxg7 Bxg7 10. Qxc4 Nb4 11. Ne1 Ba6 12. Nb5 O-O 13. a4 Bb7 14. c3 a6 15.
Na3 Nc6 16. Qb3 Na5 17. Qc2 Bd5 18. c4 Bc6 19. d3 Qh4 20. Be3 Rab8 21. f4 Rbd8
22. Nf3 Bxf3 23. Rxf3 Nc6 24. Rh3 Qf6 25. d4 h6 26. dxc5 Nd4 27. Qf2 bxc5 28.
Rf1 Qf5 29. Rg3 Nb3 30. Nc2 Rd3 31. Ne1 Rd1 32. Nf3 Rfd8 33. Re1 Rxe1+ 34. Nxe1
Rd1 35. Qe2 Qb1 36. Bf2 Nd4 37. Qe5 Nf5 38. Rg4 Kh7 39. Qe2 Bd4 40. Kf1 Bxf2
41. Kxf2 Qc1 42. Qe4 Qd2+ 43. Qe2 Qd4+ 44. Kf3 Rd2 45. Rg7+ Kh8 46. Rg4 Rxe2
47. Kxe2 Qxb2+ 48. Kd3 Nd4 49. Rg3 Qe2+ 50. Kc3 Qxe1+ 51. Kb2 Qd2+ 52. Kb1 Qc2+
53. Ka1 Qc1+ 54. Ka2 Nc2 55. Kb3 Nb4 56. Rg8+ Kxg8 57. h4 Qb1+ {Tinker resigns}
0-1

[Event "ICS rated blitz match"]
[Site "204.178.125.65"]
[Date "2000.07.05"]
[Round "?"]
[White "Hossa"]
[Black "Tinker"]
[Result "0-1"]
[WhiteElo "2523"]
[BlackElo "2529"]
[PlyCount "74"]
[EventDate "2000.??.??"]

1. e4 e5 2. Nf3 Nf6 3. Nc3 Bb4 4. Nxe5 Qe7 5. Ng4 Bxc3 6. dxc3 Nxe4 7. Be2 O-O
8. Ne3 c6 9. O-O d6 10. Qd4 Re8 11. Bd3 Nc5 12. Nf5 Bxf5 13. Bxf5 Nbd7 14. Be3
Nf6 15. Rfe1 Qf8 16. c4 Re5 17. Qf4 Rae8 18. Qf3 Nce4 19. Red1 c5 20. Qh3 g6
21. Bxe4 Rxe4 22. Bg5 R8e6 23. Qa3 Qe7 24. Qc3 R6e5 25. f3 Re2 26. Bf4 Re6 27.
Bh6 Kh8 28. g4 Kg8 29. a4 a6 30. a5 Ne8 31. Bf4 Qh4 32. Bg3 Qh3 33. Bf2 Rxf2
34. Qg7+ Nxg7 35. Kxf2 Qxh2+ 36. Kf1 Re2 37. Rxd6 Qg2# {Hossa checkmated} 0-1

[Event "ICS rated blitz match"]
[Site "204.178.125.65"]
[Date "2000.07.05"]
[Round "?"]
[White "Tinker"]
[Black "Hossa"]
[Result "0-1"]
[WhiteElo "2545"]
[BlackElo "2507"]
[PlyCount "210"]
[EventDate "2000.??.??"]

1. e4 e5 2. Nf3 Nf6 3. Nc3 Bb4 4. Bc4 d6 5. Nd5 Nxd5 6. Bxd5 c6 7. Bb3 O-O 8.
O-O Bg4 9. h3 Be6 10. Bxe6 fxe6 11. d3 Qf6 12. Bg5 Qf7 13. Be3 h6 14. c3 Ba5
15. Nh4 Bd8 16. Qg4 g5 17. Nf3 Nd7 18. Qg3 Qg7 19. Nh2 c5 20. Qg4 Qf7 21. c4
Nf6 22. Qe2 Nh5 23. Ng4 Qg6 24. Nh2 Nf4 25. Qd1 Qg7 26. Rc1 Rf7 27. a3 Ba5 28.
Rc2 Raf8 29. b3 Qh7 30. a4 Bb4 31. Rc1 h5 32. f3 Rf6 33. Rf2 Qf7 34. Rfc2 Qg7
35. Bf2 Qe7 36. Ra1 a6 37. Qf1 R6f7 38. Rd1 Qf6 39. Be3 b6 40. Rdc1 Ng6 41. Bf2
Ne7 42. Qe2 Nc6 43. Qf1 Nd4 44. Bxd4 exd4 45. Qf2 Qg6 46. Qg3 Rf4 47. Rd1 e5
48. Nf1 h4 49. Qh2 Qf7 50. Rcc1 Rf6 51. Qh1 b5 52. axb5 axb5 53. Rb1 Bc3 54.
Nh2 Re6 55. cxb5 Qb7 56. Ng4 Ra8 57. Qh2 Qxb5 58. g3 hxg3 59. Qxg3 Rg6 60. Nf2
Qe8 61. Qg2 Qf7 62. Ng4 Qf4 63. Rbc1 Rf8 64. Rf1 Qf7 65. Rb1 Qf4 66. Rbc1 Bd2
67. Ra1 Be3+ 68. Kh1 Qf7 69. Rab1 Rb8 70. Nxe3 dxe3 71. Rfe1 Qf4 72. Qg4 Rf8
73. Kg2 Rgf6 74. Qxf4 exf4 75. b4 cxb4 76. Rxb4 Kf7 77. Rb7+ Kg6 78. d4 Rc8 79.
Re2 Rc4 80. d5 Rc1 81. Reb2 Rd1 82. R7b3 Rf8 83. Re2 Kf6 84. Kh2 Re8 85. Rb6
Ke5 86. Rb7 Rc1 87. Rg7 Kf6 88. Rd7 Ke5 89. Rg7 Kd4 90. Rxg5 Kd3 91. Rgg2 Rf1
92. h4 Rh8 93. Kh3 Rxf3+ 94. Kg4 Rf1 95. Kf5 f3 96. Rxe3+ Kxe3 97. Ra2 f2 98.
Ra3+ Ke2 99. Ra2+ Kf3 100. Ra3+ Kg2 101. Ra2 Rxh4 102. e5 Rd4 103. Ke6 dxe5
104. Rc2 e4 105. d6 e3 {Tinker resigns} 0-1

[Event "ICS rated blitz match"]
[Site "204.178.125.65"]
[Date "2000.07.05"]
[Round "?"]
[White "Hossa"]
[Black "Beadle"]
[Result "0-1"]
[WhiteElo "2510"]
[BlackElo "2514"]
[PlyCount "156"]
[EventDate "2000.??.??"]

1. e4 e5 2. Nf3 Nc6 3. Bb5 a6 4. Ba4 d6 5. d4 b5 6. Bb3 Nxd4 7. Nxd4 exd4 8.
Bd5 Rb8 9. Bc6+ Bd7 10. Bxd7+ Qxd7 11. Qxd4 Nf6 12. O-O Be7 13. Nc3 O-O 14. Bd2
b4 15. Nd5 Nxd5 16. Qxd5 Bf6 17. Rab1 Rb5 18. Qc4 Rc5 19. Qxa6 Rxc2 20. Bxb4
Bxb2 21. Qb7 Bd4 22. Rbd1 Be5 23. Rd2 Qa4 24. Rxc2 Qxc2 25. Ba5 c6 26. Qb1 Qxb1
27. Rxb1 f5 28. f3 fxe4 29. fxe4 Ra8 30. Bc7 Rxa2 31. Rd1 Ra7 32. Bb6 Ra4 33.
Bc7 Rd4 34. Rxd4 Bxd4+ 35. Kf1 Be5 36. h3 c5 37. Ke2 Kf7 38. Ba5 c4 39. Bb6 Ke6
40. Ke3 h5 41. g4 hxg4 42. hxg4 Kf6 43. Bd8+ Kf7 44. Bb6 Ke6 45. Ba5 Ba1 46.
Be1 g6 47. Bh4 Bc3 48. Bg3 Kd7 49. Bh4 Kc6 50. Bg5 Kc5 51. Bd8 Bd4+ 52. Kd2 Be5
53. Ke3 Kb4 54. Ke2 Kb3 55. Bg5 Kb2 56. Kd2 c3+ 57. Kd3 c2 58. Kc4 c1=Q+ 59.
Bxc1+ Kxc1 60. Kd3 g5 61. Ke2 Kc2 62. Ke3 Kc3 63. Ke2 Kd4 64. Kf3 Kd3 65. Kf2
Kxe4 66. Ke2 d5 67. Ke1 Ke3 68. Kd1 d4 69. Kc2 d3+ 70. Kb3 d2 71. Kc4 d1=Q 72.
Kc5 Qd6+ 73. Kc4 Qb6 74. Kd5 Bc3 75. Kc4 Qc6+ 76. Kb3 Kd2 77. Ka3 Kc2 78. Ka2
Qa6# {Hossa checkmated} 0-1

[Event "ICS rated standard match"]
[Site "204.178.125.65"]
[Date "2000.07.05"]
[Round "?"]
[White "Hossa"]
[Black "QueenMaxima"]
[Result "1/2-1/2"]
[WhiteElo "2264"]
[BlackElo "2408"]
[PlyCount "265"]
[EventDate "2000.??.??"]

1. e4 e5 2. Nf3 Nc6 3. Bb5 a6 4. Bxc6 dxc6 5. O-O f6 6. d4 exd4 7. Qxd4 Bd6 8.
Be3 Ne7 9. Rd1 Be6 10. Qd3 Qd7 11. Nbd2 O-O-O 12. Qe2 Rhe8 13. Nc4 Bxc4 14.
Qxc4 Ng6 15. c3 Qe6 16. Qxe6+ Rxe6 17. Nd2 Bf4 18. Bxf4 Nxf4 19. Nb3 Rxd1+ 20.
Rxd1 Rxe4 21. g3 Nd5 22. Nc5 Re2 23. Nd3 Rc2 24. Re1 Kb8 25. Re4 Rd2 26. Rd4
Rd1+ 27. Kg2 f5 28. Kf3 Rd2 29. a3 Kc8 30. h3 g5 31. g4 Ne7 32. Ke3 Rc2 33. Kf3
h6 34. Rc4 Rd2 35. Ke3 Rd1 36. f3 Rh1 37. Nf2 Nd5+ 38. Ke2 Rc1 39. Kd2 Rb1 40.
Nd3 Rh1 41. Nf2 Rh2 42. Ke2 f4 43. Re4 Kd7 44. Rd4 Ke7 45. Re4+ Kf7 46. Rd4 Ke8
47. Re4+ Kd7 48. Rd4 Ke6 49. Re4+ Kf7 50. Rd4 Ke7 51. Re4+ Kd6 52. Re8 Kc5 53.
Rh8 Kc4 54. Rxh6 Kb3 55. Rh5 Kxb2 56. c4 Ne3 57. Rxg5 Kxa3 58. Rg7 Nd1 59. Kxd1
Rxf2 60. Rxc7 Rxf3 61. Rxb7 Rxh3 62. Ra7 Kb4 63. Rxa6 Kc5 64. Ke2 Rg3 65. g5
Kxc4 66. Ra4+ Kd5 67. Rxf4 Rxg5 68. Kd2 Rg2+ 69. Kc1 c5 70. Rf5+ Kd4 71. Rf4+
Kd3 72. Rf3+ Kc4 73. Rf4+ Kc3 74. Rf3+ Kb4 75. Rf4+ c4 76. Rf3 c3 77. Rf5 Kb3
78. Rb5+ Kc4 79. Re5 Kd3 80. Rd5+ Ke4 81. Rd1 Rf2 82. Re1+ Kd3 83. Rd1+ Kc4 84.
Rd6 Re2 85. Rc6+ Kd4 86. Rd6+ Kc5 87. Rf6 Ra2 88. Rf5+ Kd4 89. Rf4+ Kd3 90.
Rf3+ Kc4 91. Rf5 Re2 92. Rg5 Kd3 93. Rg3+ Kd4 94. Rg4+ Kc5 95. Rg5+ Kb4 96. Rh5
Ra2 97. Rg5 Rh2 98. Rf5 Kc4 99. Rg5 Rf2 100. Rh5 Kd3 101. Rh3+ Kd4 102. Rh4+
Ke3 103. Rh1 Kf4 104. Re1 Rh2 105. Rf1+ Ke4 106. Re1+ Kd3 107. Rd1+ Ke3 108.
Re1+ Kd4 109. Rg1 Rd2 110. Rg4+ Ke3 111. Rg3+ Kd4 112. Rg4+ Kd5 113. Rg5+ Ke4
114. Rh5 Re2 115. Rh4+ Kd3 116. Rh3+ Re3 117. Rxe3+ Kxe3 118. Kc2 Kd4 119. Kc1
Ke4 120. Kc2 Kf4 121. Kd1 Ke4 122. Kc2 Kf4 123. Kd1 Ke3 124. Kc2 Kf3 125. Kd1
Kf2 126. Kc2 Kg2 127. Kd1 Kf1 128. Kc2 Kg1 129. Kd1 Kg2 130. Ke1 Kh2 131. Ke2
c2 132. Kd2 c1=Q+ 133. Kxc1 1/2-1/2

[Event "ICS Rated blitz match"]
[Site "204.178.125.65"]
[Date "2000.07.05"]
[Round "?"]
[White "PostModernist"]
[Black "Hossa"]
[Result "1-0"]
[WhiteElo "2573"]
[BlackElo "2494"]
[PlyCount "75"]
[EventDate "2000.??.??"]

1. d4 Nf6 2. c4 e6 3. Nf3 d5 4. Nc3 Be7 5. Bg5 h6 6. Bf4 dxc4 7. e3 Nd5 8. Bxc4
Nxf4 9. exf4 O-O 10. O-O c6 11. Re1 Qd6 12. Ne5 Nd7 13. Ne4 Qc7 14. Qg4 Nb6 15.
Ng3 Bb4 16. Red1 Nxc4 17. Nxc4 Rd8 18. Ne5 Bf8 19. Ne4 Be7 20. Qh5 Rf8 21. a3
Rb8 22. Rac1 Qd8 23. Rd3 Qd5 24. Ng5 f6 25. Ngf7 Qe4 26. Rg3 Qh7 27. Nxh6+ Qxh6
28. Qxh6 Rf7 29. Nxf7 Kxf7 30. Rxg7+ Ke8 31. Qh8+ Kd7 32. Qf8 Kc7 33. Qxe7+ Bd7
34. Qxd7+ Kb6 35. Qc7+ Kb5 36. Rc5+ Ka4 37. Rg3 f5 38. Ra5# {Hossa checkmated}
1-0